| 000 | 01122cam a2200337 i 4500 | ||
|---|---|---|---|
| 001 | 4323 | ||
| 003 | FISKH | ||
| 005 | 20240718155311.0 | ||
| 008 | 780508s1978 ilua j 000 1 eng | ||
| 010 | _a 78003213 | ||
| 020 | _a0695809644 | ||
| 020 | _a9780380698714 | ||
| 020 | _a0695409646 (lib. bdg.) | ||
| 040 |
_aDLC _cDLC _dDLC _beng |
||
| 050 | _aPZ7.S1185 | ||
| 082 | _a813.54 | ||
| 100 | 1 |
_aSachar, Louis, _d1954- |
|
| 245 | 1 | 0 |
_aSideways stories from Wayside School / _cby Louis Sachar ; illustrated by Adam McCauley |
| 250 | _aThis edition published in 2003 | ||
| 260 |
_aNew York : _bHarper Trophy, _c1978 |
||
| 300 |
_a124 pages : _billustrations ; _c20 cm |
||
| 505 | _aM | ||
| 520 | _aHumorous episodes from the classroom on the thirtieth floor of Wayside School, which was accidentally built sideways with one classroom on each story. | ||
| 521 | 8 |
_a530
_bLexile |
|
| 521 | 8 |
_aM
_bKSP |
|
| 650 | 1 |
_aSchools _xFiction. |
|
| 650 | 1 | _aHumorous stories. | |
| 700 | 1 |
_aMcCauley, Adam _eillustrator |
|
| 906 |
_a7 _bcbc _corignew _d1 _eocip _f19 _gy-gencatlg |
||
| 942 |
_2ddc _cBK _n0 |
||
| 999 |
_c4323 _d4323 |
||